Normal view
MARC view
- بحوث العمليات-ادارة المشروعات-ادارة الانتاج
Entry Topical Term
001 - CONTROL NUMBER
- control field: 17817
003 - CONTROL NUMBER IDENTIFIER
- control field: JO-AjAnu
005 - DATE AND TIME OF LATEST TRANSACTION
- control field: 20230606073135.0
008 - FIXED-LENGTH DATA ELEMENTS
- fixed length control field: 230606|| aca||aabn | a|a d
040 ## - CATALOGING SOURCE
- Original cataloging agency: JO-AjAnu
- Transcribing agency: JO-AjAnu
150 ## - HEADING--TOPICAL TERM
- Topical term or geographic name entry element: بحوث العمليات-ادارة المشروعات-ادارة الانتاج
670 ## - SOURCE DATA FOUND
- Source citation: Work cat.: (JO-AjAnu)9151: غنيم ، حسين عطا, author 17816, تحليل شبكات الأعمال ونظم إدارة المشروعات : بيرت المسار الحرج، الموائمة بين الوقت والتكلفة، نماذج الجدولة الرئيسية